| 000 | 02409nam a22003377a 4500 | ||
|---|---|---|---|
| 003 | OSt | ||
| 005 | 20240702150504.0 | ||
| 008 | 240521t2000 ck ||||gr|||| 00| 0dspa d | ||
| 020 | _a9580456208 | ||
| 037 | _bDonación | ||
| 040 |
_aCO-JMCR _bspa _cCO-JMCR _dCO-JMCR _erda |
||
| 041 | 1 |
_aspa _heng |
|
| 082 | 0 | 4 |
_223 _a306.81 _bD64c |
| 100 | 1 |
_aDivakaruni, Chitra Banerjee, _d1956 - _eautora _943669 |
|
| 245 | 1 | 0 |
_aMatrimonio arreglado : _brelatos / _cChitra Banerjee Divakaruni traducción de Mercedes Guhl. |
| 260 |
_aColombia : _bnorma, _c©2000 |
||
| 300 |
_a380 páginas ; _c28 cm. |
||
| 490 | 0 | _aEl dorado | |
| 500 | _aIncluye biografía en la solapa posterior. | ||
| 500 | _aIncluye glosario. | ||
| 505 | 0 | _aLos murciélagos -- Ropa -- Calles de plata, techos de oro -- La palabra Amor -- Una vida perfecta -- La historia de la criada -- La desaparición -- Puertas -- La ecografía -- La aventura -- Encuentro con Mrinal -- Glosario | |
| 520 | 3 | _aMatrimonio arreglado es un conjunto de relatos que tratan un mismo tema desde diferentes perspectivas: la crisis de la costumbre ancestral de arreglar matrimonios frente al casamiento por amor, que en últimas lo que muestra es la infiltración de las ideas occidentales en la escala de valores de la india. Son historias de matrimonios indios o mixtos, arreglados o enamorados a una realidad cambiante en el seno de sociedades modernas o tradicionales. Allí hay relaciones armoniosas y estables y otras carcomidas por el tedio, pero donde todos sus protagonistas reflexionan por igual sobre el camino que los ha conducido hasta allí. Cada historia es completa en sí misma y el conjunto integra un tapiz tan colorido, delicado y perdurable como el más fino sari de seda. Con los relatos de Matrimonio arreglado, Chitra Banerjee Divakaruni se hizo acreedora en 1995 al premio literario Josephine Miles del PEN Oakland, el premio literario de la Crítica de la Región de la Bahía y American Book Award de ficción. | |
| 586 | _aPremio literario Josephine Miles del PEN Oakland, 1995 | ||
| 586 | _aPremio de la Crítica de l Región de la Bahía, 1995 | ||
| 586 | _aAmerican Book Award de ficción, 1995 | ||
| 650 | 1 | 4 |
_2JMCR _aHistorias hindu _ySiglo XX _943670 |
| 650 | 2 | 4 |
_2JMCR _aMatrimonio _ySiglo XX _943671 |
| 650 | 2 | 4 |
_2JMCR _aRelatos hindu _vamor _943672 |
| 700 | 1 |
_aGuhl, Mercedes, _d1968 - _etraductora _943673 |
|
| 942 |
_2ddc _cBK |
||
| 999 |
_c30753 _d17137 |
||